LEADER 01515nam a2200289 i 4500 001 000000332635 003 CaOOAMICUS 005 20190301113419.0 008 190301s2015 it u000 u ita u 013 $a51600 020 $a978-3-8306-7688-1 040 $aSeMil$bita 100 1 $aDi Janni, Alberto,$d<1957- >.$0(OLS)http://semarc/name/109065 245 10$aMinistero ordinato: fondamenti cristologici di un dibattito :$baccordi e dissensi nel dialogo tra la Chiesa cattolica e le comunità luterane, calviniste e anglicane /$cAlberto Di Janni. 264 1$aRoma :$bPontificio Ateneo S. Anselmo,$c2015. 300 $aXVII, 757 p. ;$c25 cm. 490 0 $aStudia Anselmiana ;$v164 490 0 $aStudia anselmiana. Sacramentum ;$v15 650 4$aMinistero ordinato - Prospettive ecumeniche.$0(OLS)http://semarc/subject/12880 830 0$aStudia Anselmiana ;$v164.$0(OLS)http://semarc/title/54 830 0$aStudia anselmiana. Sacramentum ;$v15.$0(OLS)http://semarc/title/38581 850 $aSeMil 852 $aSeMil$W1$xVenegono$y1$m2M V 264$j211257$B224823$CSeMilBibl$Z2$F224823 $81 996 $6020$a978-3-8306-7688-1$9(OLS)http://semarc/number/286628 996 $6245$aMinistero ordinato: fondamenti cristologici di un dibattito :$baccordi e dissensi nel dialogo tra la Chiesa cattolica e le comunità luterane, calviniste e anglicane$9(OLS)http://semarc/title/421656 996 $6264$aRoma :$bPontificio Ateneo S. Anselmo$9(OLS)http://semarc/publisher/29636 LEADER 01447nam a2200289 i 4500 001 000000042488 003 CaOOAMICUS 005 20241118155842.0 008 050601s1992 it u000 u mul u 020 $a88-343-0350-4 040 $aSeMil$bita 245 00$a"Militia Christi" e Crociata nei secoli 11.-13 :$batti della undecima Settimana internazionale di studio, Mendola, 28 agosto - 1 settembre 1989. 264 1$aMilano :$bVita e Pensiero,$c1992. 300 $aXII, 858 p. ;$c22 cm. 490 1 $aMiscellanea del Centro di studi medioevali ;$v13. 490 1 $aScienze storiche ;$v48. 650 4$aCrociate.$0(OLS)http://semarc/subject/1433 711 0 $aSettimana internazionale di studio <11. ; 1989 ; Mendola>.$0(OLS)http://semarc/name/21048 830 0$aMiscellanea del Centro di studi medioevali ;$v13.$0(OLS)http://semarc/title/130 830 0$aScienze storiche ;$v48.$0(OLS)http://semarc/title/9338 850 $aSeMil 852 $aSeMil$W1$xVenegono$y1$m3T V 352$j252404$B8643$CSeMilBibl$Z2$F8643 $81 961 $aRecupero: Distributore 996 $6020$a88-343-0350-4$9(OLS)http://semarc/number/13783 996 $6245$a"Militia Christi" e Crociata nei secoli 11.-13 :$batti della undecima Settimana internazionale di studio, Mendola, 28 agosto - 1 settembre 1989$9(OLS)http://semarc/title/61998 996 $6264$aMilano :$bVita e Pensiero$9(OLS)http://semarc/publisher/29642